00473nam a2200145Ia 4500008004100000020001800041050001800059100002700077245006200104250001800166260004400184300002300228650001800251700005800269120603s2012 mx dk 000 0 spa d a9786074818079 aQA276.12bJ65 aJohnson, Roberteautor aEstadística elementalc / Robert Johnson, Patricia Kuby a11a edición aMéxicob : Cengage Learning,c , 2012 axix, 810 páginas aESTADÍSTICA aKUBY, Patricia (coaut.) \ VILLAGÓMEZ, Hugo (tr.)Ì